| 000 | 01008nam a22002177a 4500 | ||
|---|---|---|---|
| 008 | 100822s1976 xxu||||| |||| 00| 0 ara d | ||
| 020 | _a977201145 | ||
| 082 |
_222 _a218.355 _bم ح ف |
||
| 100 | 1 |
_917544 _aمحفوظ ، محمد جمال الدين على |
|
| 245 |
_aالمدخل إلى العقيدة والاستراتيجية العسكرية الإسلامية / _cمحمد جمال الدين على محفوظ |
||
| 260 |
_a[القاهرة] : _bدار الاعتصام ، _c[1976]. |
||
| 300 |
_a555 ص ؛ _c24 سم. |
||
| 504 | _aيحتوى على إرجاعات ببليوجرافية | ||
| 541 |
_aألف باء ؛ _cشراء ؛ |
||
| 650 |
_917545 _aالعسكرية |
||
| 650 |
_914747 _aالجهاد في الإسلام |
||
| 650 |
_916736 _aالاسلام |
||
| 650 |
_917608 _aالعقيدة الإسلامية |
||
| 942 |
_2ddc _cBB |
||
| 999 |
_c14682 _d14682 |
||